Las grandes amistades
Gardado en:
| Autor Principal: | |
|---|---|
| Formato: | Libro |
| Idioma: | Lingua castelá |
| Publicado: |
Buenos Aires
Desclée de Brouwer
1954
|
| Subjects: | |
| Tags: |
Engadir etiqueta
Sen Etiquetas, Sexa o primeiro en etiquetar este rexistro!
|
MARC
| LEADER | 00000nam a2200000 a 4500 | ||
|---|---|---|---|
| 001 | UCP6377 | ||
| 003 | CL-VaPUC | ||
| 008 | 991022e19540000AG |||||||||||||||||spa|d | ||
| 082 | 0 | 4 | |a 843 |b MAR |2 21 |
| 100 | |a Maritain, Raïssa |e autora |9 319370 | ||
| 245 | 1 | 4 | |a Las grandes amistades |
| 300 | |a 450 p | ||
| 942 | |c BK | ||
| 945 | |d 19991022 00:00:00 |a lriquelm | ||
| 260 | |a Buenos Aires |b Desclée de Brouwer |c 1954 | ||
| 650 | 0 | |a Literatura francesa |9 266330 | |
| 650 | 0 | |a Novela francesa |9 264985 | |
| 650 | 0 | |a Amistad |9 307341 | |
| 583 | |a last modification |c 19991022 00:00:00 |k Rodrigo Vera | ||
| 999 | |c 283964 |d 283962 | ||
| 952 | |0 0 |1 0 |4 0 |6 843_000000000000000_MAR_1954 |7 0 |8 A |9 327529 |a BIBHIS |b BIBHIS |d 2019-11-20 |i 1383418 |o 843 MAR 1954 |p 1383418 |r 2025-01-20 |w 2019-11-20 |y BK |k HIS | ||